000 00705nam a2200265 i 4500
001 C2-0127692
003 PPAK
005 20180727120304.0
008 970920s1986 enka|||| ||||| | eng d
020 _a0241117747
040 _aPPAK
_beng
_cPPAK
_erda
082 0 4 _a823
_223
090 0 0 _a823
_bWIG
_dK
100 1 _aWignell, Edel,
_eauthor
245 1 2 _aA gift of squares
264 1 _aLondon :
_bhamish Hamilton ,
_c1986
300 _a40 pages :
_billustrations ;
_c19 cm
336 _2rdacontent
_atext
337 _2rdamedia
_aunmediated
338 _2rdacarrier
_avolume
490 1 _aGazelle series
650 1 0 _aChildren's stories, English
830 0 _aGazelle series
942 _ddc
_cB
999 _c38255
_d38255